Muslims in Europe (Record no. 6408)
[ view plain ]
| 000 -LEADER | |
|---|---|
| fixed length control field | 00600nam a2200241 a 4500 |
| 020 ## - INTERNATIONAL STANDARD BOOK NUMBER | |
| ISBN | |
| 082 00 - DEWEY DECIMAL CLASSIFICATION NUMBER | |
| Classification number | 297.629704 |
| Author Cutter | NIE |
| 100 ## - MAIN ENTRY--AUTHOR NAME | |
| Author name | Nielsen, J S |
| 245 ## - TITLE STATEMENT | |
| Title | Muslims in Europe |
| 260 ## - PUBLICATION, DISTRIBUTION, ETC. (IMPRINT) | |
| Place of publication | Birmingham |
| Name of publisher | Centre for Study of Islam & Christian M |
| Year of publication | 1981 |
| 300 ## - PHYSICAL DESCRIPTION | |
| Number of Pages | 31p |
| 500 ## - GENERAL NOTE | |
| General note | includes index and biblioraphy |
| 505 2# - FORMATTED CONTENTS NOTE | |
| Formatted contents note | Bibliograpphy, Index |
| 650 ## - SUBJECT ADDED ENTRY--TOPICAL TERM | |
| Topical Term | Muslims-Europe |
| 942 ## - ADDED ENTRY ELEMENTS (KOHA) | |
| Koha item type | Books |
| 700 1# - | |
| -- | Nielsen, J S |
| Collection code | Home library | Current library | Date acquired | Cost, normal purchase price | Full call number | Accession Number | Koha item type |
|---|---|---|---|---|---|---|---|
| Henry Martyn Institute Library | Henry Martyn Institute Library | 07/05/2007 | 100.00 | 297.629704 NIE | 010524 | Books |
